|
|
|
|
| LEADER |
00000nam a22000007a 4500 |
| 005 |
20210825124827.0 |
| 007 |
cr|||| |||| |
| 008 |
210825s2020 eu |||||s|||| 00||0 eng d |
| 020 |
|
|
|a 978-92-846-7325-4
|
| 035 |
|
|
|a 33991
|
| 040 |
|
|
|a vLex
|
| 090 |
|
|
|c 12121
|d 12121
|
| 100 |
1 |
|
|a Pietruchova, Olga
|
| 245 |
1 |
0 |
|a Access to abortion services for women in the EU
|h [Recurso electrn̤ico] :
|b Slovakia /
|c Olga Pietruchova
|
| 256 |
|
|
|a Servicio en ln̕ea
|
| 260 |
|
|
|a Bruselas:
|b European Union Publications Office,
|c 2020
|
| 300 |
|
|
|a 1 recurso electrn̤ico
|
| 500 |
|
|
|a This paper, commissioned by the European Parliament’s Policy Department for Citizens’ Rights and Constitutional Affairs at the request of the FEMM Committee, provides basic information on access to abortion services in Slovakia. The legal status of abortions in the country is under permanent pressure despite the legally binding decision by the Constitutional Court back in 2007 which ensuring womenþs right to free choice. Eleven proposals to restrict abortion have been presented in the National Parliament, in the last two years. Medical abortion is not available in the country, and together with conscientious objection applied in health services and current COVID-19 pandemics access to abortion services is further limited.
|
| 506 |
1 |
|
|a Disponible solo en los productos indicados
|d vLex Global
|d vLex Global (Academic Edition, excluding Law Schools)
|d vLex Global (U.S. Academic Edition, Law Schools)
|d vLex Global (U.S. Academic Edition, excluding Law Schools)
|d vLex Global (Academic Edition, Law Schools)
|
| 650 |
0 |
4 |
|a Derecho Pb︢lico y Administrativo
|z Unin̤ Europea
|
| 650 |
0 |
4 |
|a Ciencias sociales
|z Unin̤ Europea
|
| 740 |
0 |
|
|a vLex Libros (Servicio en ln̕ea)
|
| 856 |
4 |
0 |
|u https://app.vlex.com/#/sources/33991
|z Acceso restringido
|
| 942 |
|
|
|c BOOK
|
| 999 |
0 |
|
|a Public and Administrative Law
|
| 999 |
0 |
|
|a Social Sciences
|